Disney Parent Trap Trivia - Statistics

General Stats
  • This quiz has been taken 205 times
  • The average score is 25 of 46
Answer Stats
Question Answer % Correct
Name of twin #1 from Napa, California Hallie Parker
93%
Name of twin #2 from London, England Annie James
90%
Who played both twins? Lindsay Lohan
87%
^^What language can she also speak in? French
83%
^^What game is she good at? Poker
83%
Name of the mother? Elizabeth James
79%
^^Nationality British
77%
^^Nationality American
75%
^^her job Wedding Dress Designer
73%
Name of the father? Nicholas Parker
71%
^^His Job Vineyard owner
70%
What sport did they play during camp (how they saw each other for the first time) Fencing
69%
What do the twins eat with oreos Peanut Butter
69%
Name of the butler in James Residence Martin
66%
^^What did the father fall into in the hotel Pool
65%
Name of the butler in Parker Residence Chessy
63%
^^The name of her stuffed animal? Cuppy
63%
Who smells like peppermint and pipe tobacco? Grandfather
63%
Name of the father Fiancee/ Meredith Blake
62%
What year was the film released? 1998
59%
^^How old was she in the film? 26
57%
^^What did she throw before she broke up with her husband? Hairdryer
57%
What item did the twins receive when they were born Locket
57%
What are the twins' food allergy? Strawberry
57%
When's the twins birthday? October 11
54%
"You can call me aunt _____" Vicky
53%
What did they eat during the camping trip with their father? Trout
52%
^^How do the twins called her? Cruella
51%
^^what did she throw to the twins' father Ring
50%
Name of the dog? Sammy
50%
In what area in the camp when they found out that they're sisters? Isolation Cabin
45%
^^Her favorite food? Cornbread Chili
43%
^^Who played the role Dennis Quaid
43%
What cruise did the parents get married Queen Elizabeth II
43%
^^ "I will ship those brats to ____" Switzerland
39%
^^Who played the role Natasha Richardson
37%
Name of the camp the twins joined Camp Walden for Girls
36%
^^Camp director Marva Kulp Sr.
35%
What number was on the sheet of the paper from the James' fax machine 911
32%
^^Where in California? San Francisco
31%
What year was the original film 1961
27%
Name of the horse? Sprout
17%
What is the fastest way to get to London from California Concorde
16%
What song did they used in both films? Let's Get Together
16%
^^who played the twins? Hailey Mills
7%
Where did the parents meet after 11 years? Stafford Hotel
1%
No matching quizzes found
Score Distribution
Percent of People with Each Score
Percentile by Number Answered
Your Score History
You have not taken this quiz